Els arbres dels carrers de Barcelona | Los árboles de las calles de Barcelona (Registre núm. 64397)
[ vista simple ]
| 000 -LEADER | |
|---|---|
| campo de control de longitud fija | 01129aam a2200433a 44500 |
| 008 - DATOS DE LONGITUD FIJA--INFORMACIÓN GENERAL | |
| campo de control de longitud fija | 070525s2007 cat |
| 017 ## - NÚMERO DE COPYRIGHT O DE DEPÓSITO LEGAL | |
| Número de copyright o de depósito legal | B-3218-2007 |
| 020 ## - NÚMERO INTERNACIONAL ESTÁNDAR DEL LIBRO | |
| Número Internacional Estándar del Libro | 8447531384 |
| 041 ## - CÓDIGO DE IDIOMA | |
| Código de lengua del texto/banda sonora o título independiente | cat |
| 041 ## - CÓDIGO DE IDIOMA | |
| Código de lengua del texto/banda sonora o título independiente | spa |
| 041 ## - CÓDIGO DE IDIOMA | |
| Llengües tractades | lat |
| 080 ## - NÚMERO DE LA CLASIFICACIÓN DECIMAL UNIVERSAL | |
| Número de la Clasificación Decimal Universal | 582.4(038) |
| 100 ## - ENTRADA PRINCIPAL--NOMBRE DE PERSONA | |
| Nombre de persona | Llistosella, Jaume |
| 9 (RLIN) | 71957 |
| 245 ## - MENCIÓN DEL TÍTULO | |
| Título | Els arbres dels carrers de Barcelona |
| 245 ## - MENCIÓN DEL TÍTULO | |
| Título | Los árboles de las calles de Barcelona |
| 245 ## - MENCIÓN DEL TÍTULO | |
| Mención de responsabilidad, etc. | Antoni Sànchez-Cuxart |
| 245 ## - MENCIÓN DEL TÍTULO | |
| Mención de responsabilidad, etc. | Jaume Llistosella |
| 260 ## - PUBLICACIÓN, DISTRIBUCIÓN, ETC. | |
| Lugar de publicación, distribución, etc. | Barcelona |
| 260 ## - PUBLICACIÓN, DISTRIBUCIÓN, ETC. | |
| Nombre del editor, distribuidor, etc. | Publicacions i Edicions de la Universitat de Barcelona |
| 260 ## - PUBLICACIÓN, DISTRIBUCIÓN, ETC. | |
| Fecha de publicación, distribución, etc. | 2007 |
| 300 ## - DESCRIPCIÓN FÍSICA | |
| Extensión | 114 p. |
| Otras características físicas | il. |
| Dimensiones | 31 cm |
| 365 ## - PRECIO COMERCIAL | |
| Cantidad | 26.00 |
| 365 ## - PRECIO COMERCIAL | |
| Código de moneda | euros |
| 500 ## - NOTA GENERAL | |
| Nota general | Referències bibliogràfiques. Índexs |
| 520 ## - RESUMEN, ETC. | |
| Nombre de termes | 119 |
| 522 ## - NOTA DE ÁMBITO GEOGRÁFICO | |
| Nota de ámbito geográfico | Barcelona |
| 591 ## - Codi de font | |
| Codi de font | 9519 |
| 592 ## - Tipus obra | |
| Tipus d'obra | Obra terminològica |
| 593 ## - Codi CGAT | |
| Codi de la CGAT | DF |
| 594 ## - Número de document | |
| Número de document | 9519 |
| 650 ## - PUNTO DE ACCESO ADICIONAL DE MATERIA--TÉRMINO DE MATERIA | |
| Término de materia o nombre geográfico como elemento de entrada | arbres |
| 9 (RLIN) | 63833 |
| 700 ## - ENTRADA AGREGADA--NOMBRE PERSONAL | |
| Nombre de persona | Sànchez-Cuxart, Antoni |
| 9 (RLIN) | 71958 |
| 901 ## - ELEMENTOS DE DATOS A LOCAL LDA (RLIN) | |
| c | <2007> |
| 902 ## - ELEMENTOS DE DATOS B LOCAL, LDB (RLIN) | |
| a | 070525 |
| 942 ## - ELEMENTOS DE ENTRADA SECUNDARIOS (KOHA) | |
| Tipo de ítem Koha | Monografia |
| Suprimir en OPAC | No |
| Estatus retirado | Estado de pérdida | Estado de daño | No para préstamo | Biblioteca de origen | Biblioteca actual | Fecha de adquisición | Total de préstamos | Signatura topográfica completa | Código de barras | Visto por última vez | Precio de reemplazo | Tipo de ítem Koha |
|---|---|---|---|---|---|---|---|---|---|---|---|---|
| TERMCAT | TERMCAT | 25/05/2007 | DF 106 | 13472 | 30/09/2021 | 30/09/2021 | MO |